Η Θαυμαστή Εποχή της Νέας Τεχνολογίας / Εργασία, Πρόοδος και Ευημερία στα Χρόνια των Έξυπνων Τεχνολογιών (Record no. 3291)
[ view plain ]
| 000 -LEADER | |
|---|---|
| fixed length control field | 02159cam a22002294a 4500 |
| 005 - ΗΜΕΡΟΜΗΝΙΑ ΚΑΙ ΩΡΑ ΤΕΛΕΥΤΑΙΑΣ ΕΝΗΜΕΡΩΣΗΣ | |
| Πεδίο ελέγχου | 20250605164111.0 |
| 008 - FIXED-LENGTH DATA ELEMENTS--GENERAL INFORMATION | |
| Πεδίο ελέγχου σταθερού μήκους | 250528s ||||||||||||||||||||||||d |
| 035 ## - SYSTEM CONTROL NUMBER | |
| System control number | 17892 |
| 020 ## - ISBN | |
| ISBN | 9789602189887 |
| 040 ## - ΠΗΓΗ ΚΑΤΑΛΟΓΟΓΡΑΦΗΣΗΣ | |
| Φορέας πρωτότυπης καταλογογράφησης | MC Athens Campus Library |
| Γλώσσα καταλογογράφησης | Ελληνικά, Μοντέρνα (1453-) |
| Modifying agency | MC Athens Campus Library |
| Κανόνες περιγραφικής καταλογογράφησης | AACR2 |
| 245 1# - ΤΙΤΛΟΣ ΚΑΙ ΔΗΛΩΣΗ ΥΠΕΥΘΥΝΟΤΗΤΑΣ | |
| Τίτλος | Η Θαυμαστή Εποχή της Νέας Τεχνολογίας / Εργασία, Πρόοδος και Ευημερία στα Χρόνια των Έξυπνων Τεχνολογιών |
| 250 ## - EDITION STATEMENT | |
| Edition statement | 1η |
| 260 ## - PUBLICATION, DISTRIBUTION, ETC. | |
| Name of publisher, distributor, etc. | Κριτική, |
| Date of publication, distribution, etc. | 2016 |
| 300 ## - PHYSICAL DESCRIPTION | |
| Extent | 432 |
| 520 ## - SUMMARY, ETC. | |
| Summary, etc. | Οι συγγραφείς μέσω αυτού του βιβλίου μας οδηγούν σε μια ιλιγγιώδη περιήγηση στον κόσμο της καινοτομίας και των καινοτόμων. Πρόλογος, Οι Μεγάλες Αφηγήσεις, Οι Ικανότητες των Νέων Μηχανών: Η Τεχνολογία Προελαύνει, Ο Νόμος του Moore και το Δεύτερο Μισό της Σκακιέρας, Η Ψηφιοποίηση Σχεδόν των Πάντων, Καινοτομία: Φθίνει ή Ασυνδυάζεται;, Τεχνητή και Ανθρώπινη Νοημοσύνη στην Εποχή της Νέας Τεχνολογίας, Πληροφορική Αφθονία, Πέρα από το ΑΕΠ, Το Άνοιγμα της Ψαλίδας, Οι Μεγάλοι Κερδισμένοι: Οι Σταρ και οι Σουπερστάρ, Οι Επιπτώσεις της Αφθονίας και της Ανισότητας, Μαθαίνοντας να Αγωνιζόμαστε μαζί με τις Μηχανές: Συμβουλές για Άτομα, Προτάσεις Πολιτικής, Μακρόπνοες Προτάσεις, Η Τεχνολογία και το Μέλλον που διαφέρει πολύ από το ''Η Τεχνολογία είναι το Μέλλον'', Ευχαριστίες, Πηγές Σχημάτων. |
| 700 1# - ΠΡΟΣΘΕΤΗ ΑΝΑΓΡΑΦΗ--ΦΥΣΙΚΟ ΠΡΟΣΩΠΟ | |
| Personal name | Brynjolfsson Erik |
| 9 (RLIN) | 4191 |
| 700 1# - ΠΡΟΣΘΕΤΗ ΑΝΑΓΡΑΦΗ--ΦΥΣΙΚΟ ΠΡΟΣΩΠΟ | |
| Personal name | Mcafee Andrew |
| 9 (RLIN) | 4192 |
| 700 1# - ΠΡΟΣΘΕΤΗ ΑΝΑΓΡΑΦΗ--ΦΥΣΙΚΟ ΠΡΟΣΩΠΟ | |
| Personal name | Ναθαναήλ Γιώργος |
| 9 (RLIN) | 4193 |
| 942 ## - ADDED ENTRY ELEMENTS (KOHA) | |
| Koha item type | Books |
| Τύπος τεκμηρίου | Βιβλιοθήκη | Τρέχουσα τοποθεσία | Barcode | Αριθμός εισαγωγής | Ημερομηνία απόκτησης | Ταξιθετικό σύμβολο | Αριθμός αντιτύπου | Κατάσταση απόσυρσης | Κατάσταση χαμένου | Κατάσταση κατεστραμμένου | Μη δανεισμός | Σύνολο δανεισμών | Ημερομηνία τελευταίας εμφάνισης | Η τιμή ισχύει από |
|---|---|---|---|---|---|---|---|---|---|---|---|---|---|---|
| Books | MC Athens Campus Library | MC Athens Campus Library | 9780000032904 | 7403 | 05/06/2025 | 303.483 BRY | 1 | 05/06/2025 | 05/06/2025 |